000 02512cam a2200313 4500500
005 20251228073710.0
041 _afre
042 _adc
100 1 0 _aWatteau, Diane
_eauthor
245 0 0 _aComment osez-vous ?
260 _c2020.
500 _a5
520 _aLes enfants comme fétiches sonnent l’alerte. Customisés, différents. La culture saturée et cynique est mise sous pression par un monde enfantin qui s’empare du pouvoir. Un groupe de Greta Thunberg ? L’artiste Julia Scher scénographie une bande d’enfants en uniformes rose bonbon menaçant d’agir si nous restons passifs face à un nouveau type d’organisation sociale de surveillance. Garants d’alerte dans Wonderland. Le réveil continue dans les vidéos de Maria Marshall : I love you Mummy, I hate you. « Devenir enfant » n’est pas un jeu mais le lieu d’une capillarité entre réel, imaginaire et fantasme : choc garanti ! Car ce sont eux, ces enfants-là, qui, en « montrant », sont responsables de la façon dont nous pouvons « regarder » les images et le monde. Voilà pourquoi Scher, Marschall, Greta et l’Ernesto de Duras ne laissent jamais les images sans montreurs.
520 _aChildren as fetishes raise the alarm. Customized, different. Our overloaded and totally cynical culture is pressurized by a world of children who seize power. Greta Thunberg’s followers? The artist, Julia Scher, stages a bunch of kids clad with pink uniforms who threaten to act if we remain unresponsive in front of new forms of monitoring. They are the guardians of alarm in Wonderland. Likewise in Maria Marshall’s videos: I Love Mummy, I hate you, to become a child is not game but a mode of interweaving the real, the imaginary and fantasy : the shock is guaranteed ! Indeed, by « showing » they ensure that we too can look at the world the way they do. This is why Scher, Marshall, Greta and Duras’s Ernesto will always stage children as image exhibitors.
690 _aAlerte
690 _abloc d’enfance
690 _aenfant-fétiche
690 _ase déguiser
690 _asimulacre
690 _asousveillance
690 _a‘undersight’
690 _aAlarm
690 _achildhood lump
690 _afetishized child
690 _asimulacrum
690 _ato dress up
786 0 _nSavoirs et clinique | 27 | 2 | 2020-09-18 | p. 66-74 | 1634-3298
856 4 1 _uhttps://shs.cairn.info/revue-savoirs-et-cliniques-2020-2-page-66?lang=fr&redirect-ssocas=7080
999 _c1595729
_d1595729